000 00620nam a22001817a 4500
999 _c166454
_d166454
010 _aENG-126062
020 _a978-93-8676-100-2
035 _aEN-109594
037 _bDBAD/PUB
082 _a307.760954
100 _aSharma,Arun kumar
245 _aUrbanization In India:
_bIssues & Challenges/
_cedited by Arun Kumar Sharma and Bhaskar Dutt Misra
260 _aNew Delhi
_bAne Books Pvt.Ltd.
_c2018
270 _a4821,Parwana Bhawan,1st Floor24 Ansari Road, Darya Ganj
300 _a285p.
_b24cm(hb)
700 _aArun Kumar Sharma and Bhaskar Dutt Misra
942 _2ddc
_cEN
_h307.760954
_mSHA